000 00877nac a22002657a 4500
001 BR4400035
003 BR-BrBNA
005 20240105112832.0
008 230509b bl.|||m| |||| 00| 0 por d
040 _aBR-BrBNA
_bpor
_cBiblioteca Nacional de Agricultura
072 _aD10; E10
090 _aD10 BR4400035
100 1 _aTavora, A.P.
110 1 _aMinisterio da Agricultura, Rio de Janeiro, GB (Brasil). Depto. de Administracao;
110 1 _aServico de Informacao Agricola, Rio de Janeiro, GB (Brasil)
245 1 _aInstrucoes sobre pagamentos [Administracao publica; Salario; Brasil]
260 3 _aRio de Janeiro, GB (Brasil):
_c1944.
300 _a50 p.
490 _aSIA (Brazil)
_vno. 367
_x
650 _aAdministracao publica
650 _aMacroeconomia
650 _aSalario
909 _a202312
_bLúcia Elande
_c55
_dLúcia Elande
942 _2AGRIS
_n0
_cMS
999 _c260525
_d260525